Is it a sustainable fee earning service for the QS? (Record no. 73072)

MARC details
000 -LEADER
fixed length control field 01275cam a2200241 4500
001 - CONTROL NUMBER
control field ABS66932
008 - FIXED-LENGTH DATA ELEMENTS--GENERAL INFORMATION
fixed length control field 030718n2003 000 0 eng u
035 ## - SYSTEM CONTROL NUMBER
System control number (Sirsi) u123062
100 ## - MAIN ENTRY--PERSONAL NAME
Personal name Lawther, P.
245 ## - TITLE STATEMENT
Title Is it a sustainable fee earning service for the QS?
260 ## - PUBLICATION, DISTRIBUTION, ETC.
Date of publication, distribution, etc. 2003
490 ## - SERIES STATEMENT
Series statement Building Economist
Volume/sequential designation June 2003, 4-12(8)
520 ## - SUMMARY, ETC.
Summary, etc. Looks at the last decade and the substantial changes to the role of the consultant quantity surveyor within the construction industry particularly in light of the move towards sustainability. Evolving from a role which focused primarily upon the preparation of bills of quantities, the profession is now expected to provide total cost management of construction projects throughout their entire life cycle. Seeks to stimulate debate as to the sustainability of cost planning as a fee earning service provided by consultant quantity surveyors in the context of alternative procurement environments. [Taken from journal headnote].
590 ## - LOCAL NOTE (RLIN)
Local note ABS
650 ## - SUBJECT ADDED ENTRY--TOPICAL TERM
Topical term or geographic name entry element QUANTITY SURVEYORS
650 ## - SUBJECT ADDED ENTRY--TOPICAL TERM
Topical term or geographic name entry element FEE INCOME
650 ## - SUBJECT ADDED ENTRY--TOPICAL TERM
Topical term or geographic name entry element Sustainability
9 (RLIN) 6271
650 ## - SUBJECT ADDED ENTRY--TOPICAL TERM
Topical term or geographic name entry element CONSTRUCTION INDUSTRY
650 ## - SUBJECT ADDED ENTRY--TOPICAL TERM
Topical term or geographic name entry element TOTAL COST MANAGEMENT
650 ## - SUBJECT ADDED ENTRY--TOPICAL TERM
Topical term or geographic name entry element LIFE CYCLE COST MANAGEMENT
690 ## - LOCAL SUBJECT ADDED ENTRY--TOPICAL TERM (OCLC, RLIN)
Topical term or geographic name as entry element Quantity surveying
9 (RLIN) 6263
942 ## - ADDED ENTRY ELEMENTS (KOHA)
Suppress in OPAC 0
Holdings
Withdrawn status Lost status Source of classification or shelving scheme Damaged status Not for loan Home library Current library Shelving location Date acquired Total Checkouts Full call number Barcode Date last seen Copy number Price effective from Koha item type
    Dewey Decimal Classification     London London Journal article 18/07/2003   ABS66932 123062-1001 06/08/2019 1 06/08/2019 Journal article